Normal view
MARC view
Entry Personal Name
001 - CONTROL NUMBER
- control field: 14993
003 - CONTROL NUMBER IDENTIFIER
- control field: OSt
005 - DATE AND TIME OF LATEST TRANSACTION
- control field: 20211001114903.0
008 - FIXED-LENGTH DATA ELEMENTS
- fixed length control field: 211001|| aca||aabn | a|a d
040 ## - CATALOGING SOURCE
- Original cataloging agency: OSt
- Transcribing agency: OSt
100 ## - HEADING--PERSONAL NAME
- Personal name: Frey,Dorothea; Oldfield R.J.; Bridger,Ronald C.;
670 ## - SOURCE DATA FOUND
- Source citation: Work cat.: (OSt): Frey,Dorothea; Oldfield R.J.; Bridger,Ronald C.;, A Colour Atlas of Pathogenic Fungi., 1979.
